<?xml version="1.0" encoding="UTF-8"?>
<collection xmlns="http://www.loc.gov/MARC21/slim">
 <record>
  <leader>02234naa a2200265 i 4500</leader>
  <controlfield tag="001">acta74985</controlfield>
  <controlfield tag="005">20231205112504.0</controlfield>
  <controlfield tag="008">220325s2018    hu      o     1||   hun d</controlfield>
  <datafield tag="020" ind1=" " ind2=" ">
   <subfield code="a">978-963-306-640-9</subfield>
  </datafield>
  <datafield tag="022" ind1=" " ind2=" ">
   <subfield code="a">2063-3807</subfield>
  </datafield>
  <datafield tag="040" ind1=" " ind2=" ">
   <subfield code="a">SZTE Egyetemi Kiadványok Repozitórium</subfield>
   <subfield code="b">hun</subfield>
  </datafield>
  <datafield tag="041" ind1=" " ind2=" ">
   <subfield code="a">hun</subfield>
  </datafield>
  <datafield tag="041" ind1=" " ind2=" ">
   <subfield code="a">eng</subfield>
  </datafield>
  <datafield tag="100" ind1="1" ind2=" ">
   <subfield code="a">Kocsis Bianka Enikő</subfield>
  </datafield>
  <datafield tag="245" ind1="1" ind2="0">
   <subfield code="a">Nukleáris létesítmények felelősségbiztosítása</subfield>
   <subfield code="h">[elektronikus dokumentum] /</subfield>
   <subfield code="c"> Kocsis Bianka Enikő</subfield>
  </datafield>
  <datafield tag="260" ind1=" " ind2=" ">
   <subfield code="c">2018</subfield>
  </datafield>
  <datafield tag="300" ind1=" " ind2=" ">
   <subfield code="a">141-149</subfield>
  </datafield>
  <datafield tag="490" ind1="0" ind2=" ">
   <subfield code="a">Szegedi Jogász Doktorandusz Konferenciák</subfield>
   <subfield code="v">8</subfield>
  </datafield>
  <datafield tag="490" ind1="0" ind2=" ">
   <subfield code="a">Jog határok nélkül</subfield>
   <subfield code="v">8</subfield>
  </datafield>
  <datafield tag="520" ind1="3" ind2=" ">
   <subfield code="a">The aim of this study is to present a special area of Law. A basic, well-known civil law institution stands in the focus of the examination, which is the liability insurance. However during this examination I do not use the general civil law aspects in this study, but I use special, Energy Law aspects, with emphasizing the rulings of Nuclear Law. In case of nuclear installations the operator has the obligation to carry about insurance, or other typed financial cover related to the amount of its nuclear liability. Although the Hungarian State has not got this kind of contracting obligation, it also has the subsidiary obligation in case of existence of this kind of insurance. The essence of liability insurances of nuclear installations is the following: (instead the operator) the insurance undertaking will retains the liability for nuclear damage when the operator has this obligation. To contract a liability insurance is so important, that without this operation of nuclear installations shall not be permitted. In this study I use the definition of nuclear damage as starting point and the regulation of nuclear liability. And after that I deal with the main topic, the liability insurance of nuclear installations in details. I analyse not only the Hungarian regulation, but also some International provisions as well.</subfield>
  </datafield>
  <datafield tag="650" ind1=" " ind2="4">
   <subfield code="a">Társadalomtudományok</subfield>
  </datafield>
  <datafield tag="650" ind1=" " ind2="4">
   <subfield code="a">Jogtudomány</subfield>
  </datafield>
  <datafield tag="695" ind1=" " ind2=" ">
   <subfield code="a">Felelősségbiztosítás</subfield>
  </datafield>
  <datafield tag="710" ind1=" " ind2=" ">
   <subfield code="a">Jog határok nélkül (2017) (Szeged)</subfield>
  </datafield>
  <datafield tag="856" ind1="4" ind2="0">
   <subfield code="u">http://acta.bibl.u-szeged.hu/74985/1/szegedi_jogasz_doktorandusz_konf_008_141-149.pdf</subfield>
   <subfield code="z">Dokumentum-elérés </subfield>
  </datafield>
 </record>
</collection>
